| 000 | 02381cam a22005174i 4500 | ||
|---|---|---|---|
| 003 | PE-LiUPU | ||
| 005 | 20250731172832.0 | ||
| 008 | 150113s2014 xx 000 0 eng d | ||
| 020 | _a0802871518 | ||
| 020 | _a9780802871510 | ||
| 035 | _a(Sirsi) i9780802871510 | ||
| 040 |
_aPE-LiUPU _bspa _cPE-LiUPU _erda |
||
| 049 | _aPRUA | ||
| 082 | 0 | 4 |
_a200.9 _bC24 _222 |
| 100 | 1 |
_aCampbell, Douglas A., _d1961- |
|
| 245 | 0 | 0 |
_aFraming Paul : _ban epistolary biography / _cDouglas A. Campbell. |
| 264 | 1 |
_aGrand Rapids, Michigan. : _bEerdmans, _c2014. |
|
| 300 |
_aix, 468 páginas. ; _c24 centímetros |
||
| 336 |
_atext _2rdacontent |
||
| 337 |
_aunmediated _2rdamedia |
||
| 338 |
_avolume _2rdacarrier |
||
| 504 | _aBibliografía : páginas 415-446 | ||
| 504 | _aÍndices : páginas 447-468. | ||
| 505 | 0 | _aAcknowledgments -- Abbreviations -- An extended preface -- 1. An extended methodological introduction -- 2. The epistolary Backbone: Romans an the Corinthian Correspondence -- Augmenting the Backbone: Philippians and Galathians -- Locating the Thessalonian correspondence -- Locating Philemon, Colossians, and "Ephesians" -- Locating Titus and 1 and 2 Timothy -- Conclusion | |
| 526 | _aSEG42 | ||
| 526 | _aSEG41 | ||
| 526 | _aSEG40 | ||
| 526 | _aSEG39 | ||
| 526 | _aP94 | ||
| 526 | _aP87 | ||
| 526 | _aP86 | ||
| 526 | _aP85 | ||
| 526 | _aP77 | ||
| 526 | _aP76 | ||
| 526 | _aP35 | ||
| 600 | 0 | 0 |
_aPablo, _cEl apóstol Santo. |
| 910 |
_ajck _bbpc _cbpc _d20160510 |
||
| 942 |
_2ddc _cBOOK |
||
| 949 |
_a200.9 C24 _wDEWEY _c1 _i73419 _lCCODEBUL1 _mBUL _p37.89 _r0 _sY _tBOOK _u2016-4-27 _xTEOLOGIA _PP35 _0COMPRA _o.STAFF. Colección General |
||
| 949 |
_aPGT 225.92 C22 _wDEWEY _c1 _i71954 _lCCODEBUL1 _mBUL _p42.00 _r0 _sY _tBOOK _u2015-8-26 _xTEOLOGIA _PP85 _0COMPRA _o.CIRCNOTE. No olvidar cambiar la fecha de devolución!!!!!!! _o.STAFF. Posgrado |
||
| 994 |
_aC0 _bPEPRU |
||
| 596 | _a1 | ||
| 999 |
_aPGT 225.92 C22 _wDEWEY _c6848 _i71954 _f2021-11-9 _g5 _lCCODEBUL1 _mBUL _p42.00 _r0 _sY _tBOOK _u2015-8-26 _xTEOLOGIA _PP85 _0COMPRA _o.CIRCNOTE. No olvidar cambiar la fecha de devolución!!!!!!! _o.STAFF. Posgrado _d6848 |
||
| 999 |
_a200.9 C24 _wDEWEY _c1 _i73419 _f2021-11-9 _g5 _lCCODEBUL1 _mBUL _p37.89 _r0 _sY _tBOOK _u2016-4-27 _xTEOLOGIA _PP35 _0COMPRA _o.STAFF. Colección General |
||
| 980 |
_81 _gALBERTO SANCHEZ Responsable de Automatización |
||